Πλάτωνος Μενέξενος (ή Επιτάφιος-Ηθικός) : αρχαίον κείμενον
Αποθηκεύτηκε σε:
| Κύριος συγγραφέας: | |
|---|---|
| Άλλοι συγγραφείς: | |
| Μορφή: | Βιβλίο |
| Γλώσσα: | Greek Ancient Greek |
| Δημοσίευση: |
Αθήνα :
Πάπυρος,
1938.
|
| Σειρά: | Βιβλιοθήκη "Παπύρου". Τα άπαντα των αρχαίων Ελλήνων συγγραφέων ;
v. 14 |
| Θέματα: | |
| Διαθέσιμο Online: | http://hdl.handle.net/11610/16454 |
| Ετικέτες: |
Προσθήκη ετικέτας
Δεν υπάρχουν, Καταχωρήστε ετικέτα πρώτοι!
|
MARC
| LEADER | 00000cam a2200000 i 4500 | ||
|---|---|---|---|
| 001 | 1/19794 | ||
| 008 | 120522s1938 gr || ||| ||gre|| | ||
| 035 | |l 10112560 | ||
| 040 | |a GR-MY-UA |b gre |e aacr | ||
| 041 | 0 | |a gre |a grc | |
| 082 | 7 | |a 184 |2 (22) | |
| 100 | 0 | |a Πλάτων, |d 428 ή 7-348 ή 7 π.Χ. | |
| 245 | 1 | 0 | |a Πλάτωνος Μενέξενος (ή Επιτάφιος-Ηθικός) : |b αρχαίον κείμενον / |c εισαγωγή, μετάφρασις, σημειώσεις: Καλλιρρόη Ελεοπούλου. |
| 260 | |a Αθήνα : |b Πάπυρος, |c 1938. | ||
| 300 | |a 85 σ. ; |c 21 εκ. | ||
| 490 | 1 | |a (Βιβλιοθήκη "Παπύρου" / Τα άπαντα των αρχαίων Ελλήνων συγγραφέων) ; |v vol. 14 | |
| 500 | |a Υπάρχει ψηφιακό αντίγραφο. | ||
| 500 | |a Αντικριστές σελίδες στα αρχαία και στα νέα ελληνικά. | ||
| 650 | 0 | 0 | |a Philosophy, Ancient. |
| 700 | 1 | |a Ελεοπούλου, Καλλιρόη, |e trlf | |
| 830 | 0 | |a Βιβλιοθήκη "Παπύρου". |p Τα άπαντα των αρχαίων Ελλήνων συγγραφέων ; |v v. 14 | |
| 852 | |a INST |b RHODES |c AKA |e 20120522 |h 184 ΠΛΑ |p 005400030923 |q 005400030923 |t BK |y 23 | ||
| 856 | |u http://hdl.handle.net/11610/16454 | ||
| 901 | |a BIBL4-2012-2 | ||
| 909 | |a Ρ |b 153202 | ||
| 970 | |z 2012-05-22 | ||